Detalles MARC
| 000 -LIDER |
| fixed length control field |
01090nam a2200277 a 4500 |
| 001 - NÚMERO DE CONTROL |
| Identificador de número de control |
000024321 |
| 003 - IDENTIFICACDOR DE NÚMERO DE CONTROL |
| control field |
DO-SdBNP |
| 005 - DATE AND TIME OF LATEST TRANSACTION |
| control field |
20221122093847.0 |
| 008 - ELEMENTOS DE LONGITUD FIJA |
| fixed length control field |
110126s2007 dr r 000 0 spa d |
| 040 ## - FUENTE DE CATALOGACIÓN |
| Agencia que crea de manera original el registro |
DO-SdBNP |
| Idioma de catalogación |
spa |
| Agencia que realiza la transcripción |
BPMSU |
| 082 #4 - NÚMERO DE CLASIFICACIÓN DECIMAL DE DEWEY |
| Classification number |
341.481 |
| Item number |
J93s 2007 |
| Edition number |
22 |
| 245 04 - MENCIÓN DE TITULO |
| Título |
Los jueces de la Suprema Corte de Justicia comentando los derechos individuales y sociales / |
| Mención de responsabilidad |
presentación Jorge A. Subero Isa. |
| 260 ## - PUBLICACIÓN, DISTRIBUCIÓN, ETC. (PIE DE IMPRENTA) |
| Lugar de publicación, distribución, etc |
Santo Domingo : |
| Nombre del editor, distribuidor, etc. |
Suprema Corte de Justicia, |
| Fecha de publicación, distribución, etc |
2007. |
| 300 ## - DESCRIPCIÓN FÍSICA |
| Extensión |
180 p. ; |
| Dimensiones |
21 cm. |
| 490 ## - MENCIÓN DE SERIES |
| Mención de serie |
|
| 500 ## - NOTA GENERAL |
| Materiales especificados |
Incluye referencias bibliográficas y notas al pie de las páginas |
| 590 ## - NOTA LOCAL |
| Texto de la nota local |
Inventariado, 2022/VM |
| 650 #4 - ENCABEZAMIENTO DE MATERIA--TEMÁTICO |
| Término temático o nombre geográfico como elemento de entrada |
Derechos económicos y sociales |
| Subdivisión temática general |
Ensayos, conferencias, etc. |
| 650 #4 - ENCABEZAMIENTO DE MATERIA--TEMÁTICO |
| Término temático o nombre geográfico como elemento de entrada |
Derechos civiles |
| Subdivisión temática general |
Ensayos, conferencias, etc. |
| 650 #4 - ENCABEZAMIENTO DE MATERIA--TEMÁTICO |
| Término temático o nombre geográfico como elemento de entrada |
Derechos humanos |
| Subdivisión temática general |
Ensayos, conferencias, etc. |
| 650 #4 - ENCABEZAMIENTO DE MATERIA--TEMÁTICO |
| Término temático o nombre geográfico como elemento de entrada |
Poder judicial |
| Subdivisión geográfica |
República Dominicana |
| Subdivisión temática general |
Ensayos, conferencias, etc. |
| 700 1# - ASIENTO SECUNDARIO -- NOMBRE PERSONAL |
| Nombre personal |
Subero Isa, Jorge A., |
| Fechas asociadas con el nombre |
present. |
| 710 2# - ASIENTO SECUNDARIO -- NOMBRE CORPORATIVO |
| Nombre corporativo o de jurisdicción |
Suprema Corte de Justicia (República Dominicana) |
| 910 ## - VALIDACIÓN |
| Validación |
VMateo V./Validado |
| 942 ## - ADDED ENTRY ELEMENTS (KOHA) |
| Source of classification or shelving scheme |
Dewey Decimal Classification |
| Koha item type |
Libros |